• 首页
  • 本馆介绍
  • 公告通知
  • 最新文献
  • 馆藏检索
  • 电子资源
  • 读者导购
  • 参考咨询
  • 我的图书馆
  • 登录
  • 详细信息显示
  • 放入我的书架
  • 预约/预借图书
  • 作者相关作品
  • 分类相关作品
  • 丛书相关作品
  • 出版社相关作品

书目信息

  • 表格格式
  • 工作单格式
  • 卡片格式
题名:
国际货运风险与保险
    
 
作者: 吴百福
分册:  
出版信息: 北京   对外经济贸易大学出版社  2001
页数: 322
开本: 20cm
丛书名: 国际贸易实务系列丛书
单 册:
中图分类: F840.63
科图分类:
主题词: 保险
电子资源:
ISBN: 7-81078-121-9
000 00597nam0 2200205 450
001 0760515518
005 20070817164835.51
010    @a7-81078-121-9@d¥16.00
100    @a20070817d km y0chiy0120 ea
101 0  @achi
200 1  @a国际货运风险与保险@Aguo ji huo yun feng xian yu bao xian@f吴百福@Fwu bai fu
210    @a北京@c对外经济贸易大学出版社@d2001
215    @a322@d20cm
225 2  @a国际贸易实务系列丛书
410  0 @12001 @a国际贸易实务系列丛书
606 0  @a保险
690    @aF840.63@v3
701  0 @a吴百福@Awu bai fu
801  0 @aCN@bPFT@c20070817
905    @a213230@dF840.63@eg36@f1
    
    国际货运风险与保险/吴百福.-北京:对外经济贸易大学出版社,2001
    322;20cm.-(国际贸易实务系列丛书)
    
    
    ISBN 7-81078-121-9:¥16.00
    
●
相关链接 在E读中查询图书 在五车中查询图书 在当当中查询图书 在豆瓣中查询图书


正题名:国际货运风险与保险     索取号:F840.63/g36         预约/预借

序号 登录号 条形码 馆藏地/架位号 状态 备注
1 6502469   265024699   密集书库-海洋学院/ [索取号:F840.63/g36] 在馆    
2 6502470   265024706   密集书库-海洋学院/ [索取号:F840.63/g36] 在馆    
3 6502471   265024715   密集书库-海洋学院/ [索取号:F840.63/g36] 在馆    
唐山师范学院图书馆 欢迎您!
大连网信软件有限公司© 版权所有